000 00525nam a2200205Ia 4500
005 20251020182615.0
008 200515s9999 xx 000 0 und d
082 _aSC/693.1/.8/V44
110 _aInce
245 0 _aAlbañilería : artesanos rurales polivalentes
260 _aCaracas
260 _cs.a.
300 _as.n.
520 _aOperaciones básicas para la construcción en zonas rurales
650 _aALBAÑILERIA
650 _aCONSTRUCCIONES RURALES
650 _aHO
650 _aPUB INCE
942 _cLIB
999 _c3476
_d3476